Регионална библиотека "Любен Каравелов" - Русе

Musikinstrumente der Volker (Запис номер 120589)

MARC детайли
000 -Лидер
Контролно поле с фиксирана дължина 01416nam a2200385 c 4500
003 - Код на организацията, давaща контролен номер
Контролно поле BLK
005 - Дата и час на последна редакция
Контролно поле 20200430123954.0
008 - Елементи от данни с фиксирана дължина
fixed length control field 180409b bul|||||r ||||||| ||bul||
010 ## - Наследен системен номер
LC control number KNG00126207000
040 ## - Източник на каталожния запис
Идентификатор на билиотеката - собственик на записа BLK
041 ## - Код за език
Код за езика на текст/звукозапис или на отделно заглавие Немски
Код за езика КДБФ Немски
080 ## - УДК
Текстов определител УДК Музика на отделни музикални инструменти. Вж и 681.81
УДК код - определител по УДК 786/789
УДК определител .067.26(100)
УДК - код + определител 786/789.067.26(100)
100 1# - Редна дума - Автор
Автор Buchner, Alexander
Авторска отговорност първи автор
R(LIN) 316736
139 ## - Редно поле
Редна дума Buchner, Alexander
Авторски знак Бух - Б 90
245 10 - Сведения за заглавието
Заглавие Musikinstrumente der Volker
Редно поле (дума) Alexander Buchner.
257 ## - Страна на издаване
Страна на създаване/издаване Чехословакия
260 ## - Област на издателските данни
Име на издателя, разпространителя и проч. Artia
Година на издаване 1968
300 ## - Физическа характеристика
Страници 295 с.
Илюстрации и др. с ил.
Размери/Мащаб 32 см
380 ## - Жанр
Жанр Изкуство
500 ## - Общи забележки
Забележка Библиогр. с. 287. - Списък на ил. - Азб. указ. на инстр.
650 #4 - Допълнително описание по предмет – тема
Основно описание – тема или топоним Инструментознание
9 (RLIN) 157268
650 #4 - Допълнително описание по предмет – тема
Основно описание – тема или топоним Музикални инструменти, народни
9 (RLIN) 291505
651 #4 - Допълнително описание по предмет - топоним
Географско понятие Азия
9 (RLIN) 253598
651 #4 - Допълнително описание по предмет - топоним
Географско понятие Америка
9 (RLIN) 270135
651 #4 - Допълнително описание по предмет - топоним
Географско понятие Африка
9 (RLIN) 246452
651 #4 - Допълнително описание по предмет - топоним
Географско понятие СССР
9 (RLIN) 179592
651 #4 - Допълнително описание по предмет - топоним
Географско понятие Европа
9 (RLIN) 244407
653 ## - Ключова дума – ненормативна
Ключова дума инструментознание
653 ## - Ключова дума – ненормативна
Ключова дума народни инструменти
852 ## - Местоположение
Форматна сигнатура Цб ІІ 4084
856 4# - Електронен адрес и достъп
Електронен формат pdf - файл
856 4# - Електронен адрес и достъп
Електронен формат pdf - файл
999 ## - СИСТЕМНИ КОНТРОЛНИ НОМЕРА
Koha biblionumber 120589
Koha biblioitemnumber 120589
942 ## - АРТИКУЛИ
Вид на библиотечния материал Книги
Скрит в OPAC Не
Периодичен библиозапис Да
944 ## - СЪЗДАВАНЕ И РЕДАКЦИЯ на ЗАПИСА
Създаване/Редакция Създаване
Дата на регистрацията/редакция 29.10.2011
Статус, дата на статуса 29.10.2011 - от С1,Р / 29.10.2011
Служител, извършил регистрацията/редакцията Людмила_Стоянова
944 ## - СЪЗДАВАНЕ И РЕДАКЦИЯ на ЗАПИСА
Създаване/Редакция Редакция
Дата на регистрацията/редакция 16.01.2017
Статус, дата на статуса 29.10.2011 - от С1,Р / 29.10.2011
Служител, извършил регистрацията/редакцията Виолета_Тройчева
999 ## - СИСТЕМНИ КОНТРОЛНИ НОМЕРА
Koha biblioitemnumber 120589
Наличности
Код за отписване Код за изгубен артикул Източник на класификационната схема Код за повреда Коз за рестрикции Код за отдаване Артикулен № Име на библиотеката - собственик Име на библиотеката, в която се намира в момента Статус (Текущо местоположение) Дата на вписване в системата Местоположение - отдел Цена в лева Инвентарен номер Систематично азбучна сигнатура Баркод Номер на екземпляра Цена в евро Служебна бележка Служебен тип на артикула
  Не е изгубен Universal Decimal Classification Не е повреден без рестрикции заемане за дома 194772 Регионална библиотека "Любен Каравелов" Русе Регионална библиотека "Любен Каравелов" Русе Отдел Изкуство - подръчен фонд 1968-01-01 Отдел Изкуство - подръчен фонд 5.93 90334 786/789/Б 90 А 120000090334 1 3.03 Дост: Pk Вид: Ф N: стар фонд Дата: 01.01.1968 Дата инв: 06.06.2012 Бележки инв: * Книги
Vip Innovations Ltd, Rousse, Bulgaria 2025